| 000 | 005050000a22001570004500 | ||
|---|---|---|---|
| 003 | MACL | ||
| 005 | 20171224132348.0 | ||
| 008 | 171224b xxu||||| |||| 00| 0 eng d | ||
| 040 | _cmacl | ||
| 100 |
_aव्यास, श्री सुशील _969777 |
||
| 245 | _aयोग शिक्षा | ||
| 260 |
_bवीकानेर _cअनुराधा प्रकाशन _a2008 |
||
| 350 | _a20 | ||
| 650 |
_aचिल्ड्रन बुक _9159 |
||
| 942 |
_cHIN _k741.642/VYA _2ddc |
||
| 999 |
_c41073 _d41073 |
||